№ 3 (335); Каротажник

Bibliographic Details
Parent link:Каротажник: научно-технический вестник/ Ассоциация "АИС". № 3 (335).— .— Тверь: АИС, 1992-.— 1810-5599
Summary:Текстовый файл
AM_Agreement
Language:Russian
Published: 2025
Online Access:https://elibrary.ru/contents.asp?id=82499250
Format: MixedMaterials Electronic Book
KOHA link:https://koha.lib.tpu.ru/cgi-bin/koha/opac-detail.pl?biblionumber=680869

MARC

LEADER 00000nam2a2200000 4500
001 680869
005 20250909112938.0
035 |a (RuTPU)RU\TPU\prd\292911 
035 |a RU\TPU\prd\291231 
090 |a 680869 
100 |a 20250626d2025 m||y0rusy50 ca 
101 0 |a rus 
102 |a RU 
135 |a drcn ---uucaa 
181 0 |a i   |b  e  
182 0 |a b 
183 0 |a cr  |2 RDAcarrier 
200 0 |a № 3 (335) 
203 |a Текст  |b визуальный  |c электронный 
210 |d 2025 
283 |a online_resource  |2 RDAcarrier 
320 |a Библиография в конце статей 
336 |a Текстовый файл 
371 0 |a AM_Agreement 
461 1 |0 397118  |9 397118  |t Каротажник  |o научно-технический вестник  |f Ассоциация "АИС"  |c Тверь  |n АИС  |d 1992-  |v № 3 (335)  |x 1810-5599 
801 0 |a RU  |b 63413507  |c 20250626  |g PSBO 
850 |a 63413507 
856 4 0 |u https://elibrary.ru/contents.asp?id=82499250  |z https://elibrary.ru/contents.asp?id=82499250 
942 |c CF